000 00392nam a2200133Ia 4500
008 220216s9999 xx 000 0 und d
100 _aMoser H
245 0 _aRFLP variation and genealogical distance, multivariate distance heterosis and genetic variance in oats
260 _bTheoretical and Applied Genetics
_c1994
300 _a947-956
650 _aRFLP
700 _aLee M
942 _cJS
999 _c67031
_d67031